Statistics for 1972 year quiz

Click here to take the quiz!

General Stats

  • This quiz has been taken 62 times
  • The average score is 7 of 10

Answer Stats

HintAnswer% Correct
Brando and Pacino make an offer moviegoers cannot refuse in this hitThe Godfather
96%
Three Americans become the last people to set foot here to dateThe moon
93%
Palestinian gunmen kill 11 Israeli athletes in this cityMunich
87%
This man goes to China, upending years of US policyRichard Nixon
87%
British soldiers shoot dead 14 civilians in this city's 'Bloody Sunday'Belfast
85%
Survivors of a plane crash resort to cannibalism in this mountain rangeThe Andes
81%
This dictator expels 50,000 Asians from his central African countryIdi Amin
65%
This country announces it will start a nuclear weapons programmePakistan
56%
This Democrat loses the US election in a landslideGeorge McGovern
39%
Alex Comfort publishes this bestselling intimate manualThe Joy of Sex
31%

Score Distribution

Percentile by Number Answered

Percent of People with Each Score

Your Score History

You have not taken this quiz